[Event "Karlovy Vary op"]
[Site "Karlovy Vary"]
[Date "2011.05.03"]
[Round "8"]
[White "Grussova, Helena"]
[Black "Makaj, Jiri"]
[Result "1/2-1/2"]
[WhiteElo "1978"]
[BlackElo "2042"]
[PlyCount "20"]
[EventDate "2011.04.28"]
[EventType "swiss"]
[EventRounds "8"]
[EventCountry "CZE"]
[SourceTitle "CBM 142 Extra"]
[Source "ChessBase"]
[SourceDate "2011.06.27"]
[SourceVersion "1"]
[SourceVersionDate "2011.06.27"]
[SourceQuality "1"]

1. e4 e6 2. d4 d5 3. exd5 exd5 4. c4 Nf6 5. Nc3 Be7 6. Be3 0-0 7. Nf3 c6 8. c5 b6 9. b4 a5 10. a3 Ng4 1/2-1/2

[Event "Karlovy Vary op"]
[Site "Karlovy Vary"]
[Date "2011.05.02"]
[Round "7"]
[White "Makaj, Jiri"]
[Black "Lorencova, Vera"]
[Result "1-0"]
[WhiteElo "2042"]
[BlackElo "1994"]
[PlyCount "99"]
[EventDate "2011.04.28"]
[EventType "swiss"]
[EventRounds "8"]
[EventCountry "CZE"]
[SourceTitle "CBM 142 Extra"]
[Source "ChessBase"]
[SourceDate "2011.06.27"]
[SourceVersion "1"]
[SourceVersionDate "2011.06.27"]
[SourceQuality "1"]

1. e4 d5 2. exd5 Nf6 3. d4 Nxd5 4. Nf3 g6 5. c3 Bg7 6. Bc4 0-0 7. 0-0 Nc6 8. Re1 Bg4 9. h3 Bxf3 10. Qxf3 e6 11. Nd2 Na5 12. Bf1 Qf6 13. Qd3 h6 14. Nf3 Rad8 15. Ne5 Ne7 16. Ng4 Qh4 17. g3 Qh5 18. Bxh6 Nac6 19. Bxg7 Kxg7 20. Qf3 Nd5 21. Rad1 Qg5 22. Bg2 f5 23. Ne3 f4 24. Nxd5 exd5 25. b4 fxg3 26. Qxg3 Qf5 27. b5 Nb8 28. Qxc7+ Rd7 29. Qe5+ Kg8 30. Qxf5 Rxf5 31. Re8+ Rf8 32. Rde1 Kf7 33. Rxf8+ Kxf8 34. Re5 Rc7 35. Rxd5 Ke7 36. Rg5 Kf6 37. Rc5 Re7 38. Rc8 Re1+ 39. Kh2 Nd7 40. Rc7 Ke6 41. Rxb7 Rc1 42. Rxa7 Rxc3 43. a4 Rb3 44. Bd5+ Kxd5 45. Rxd7+ Kc4 46. Kg2 Ra3 47. Ra7 Kxd4 48. b6 Kc5 49. b7 Rb3 50. a5 1-0

[Event "Karlovy Vary op"]
[Site "Karlovy Vary"]
[Date "2011.04.30"]
[Round "4"]
[White "Hlavac, Rudolf"]
[Black "Makaj, Jiri"]
[Result "1/2-1/2"]
[WhiteElo "2079"]
[BlackElo "2042"]
[PlyCount "22"]
[EventDate "2011.04.28"]
[EventType "swiss"]
[EventRounds "8"]
[EventCountry "CZE"]
[SourceTitle "CBM 142 Extra"]
[Source "ChessBase"]
[SourceDate "2011.06.27"]
[SourceVersion "1"]
[SourceVersionDate "2011.06.27"]
[SourceQuality "1"]

1. e4 e6 2. d4 d5 3. Nd2 dxe4 4. Nxe4 Nd7 5. Nf3 Ngf6 6. Bd3 c5 7. Nxf6+ Nxf6 8. 0-0 cxd4 9. Nxd4 Be7 10. c3 0-0 11. Qe2 Qd5 1/2-1/2

[Event "Karlovy Vary op"]
[Site "Karlovy Vary"]
[Date "2011.04.29"]
[Round "2"]
[White "Vanko, Jiri"]
[Black "Makaj, Jiri"]
[Result "1/2-1/2"]
[WhiteElo "2042"]
[BlackElo "2042"]
[PlyCount "34"]
[EventDate "2011.04.28"]
[EventType "swiss"]
[EventRounds "8"]
[EventCountry "CZE"]
[SourceTitle "CBM 142 Extra"]
[Source "ChessBase"]
[SourceDate "2011.06.27"]
[SourceVersion "1"]
[SourceVersionDate "2011.06.27"]
[SourceQuality "1"]

1. d4 d5 2. Nf3 c6 3. c4 Nf6 4. Nc3 e6 5. Bg5 Nbd7 6. e3 Qa5 7. cxd5 Nxd5 8. Qd2 Bb4 9. Rc1 Nxc3 10. bxc3 Ba3 11. Rb1 b6 12. Bd3 Ba6 13. 0-0 Bxd3 14. Qxd3 h6 15. Bf4 Be7 16. e4 0-0 17. Rfe1 c5 1/2-1/2

[Event "Karlovy Vary op"]
[Site "Karlovy Vary"]
[Date "2011.04.28"]
[Round "1"]
[White "Makaj, Jiri"]
[Black "Hajek, Jaroslav"]
[Result "1/2-1/2"]
[WhiteElo "2042"]
[BlackElo "2011"]
[PlyCount "43"]
[EventDate "2011.04.28"]
[EventType "swiss"]
[EventRounds "8"]
[EventCountry "CZE"]
[SourceTitle "CBM 142 Extra"]
[Source "ChessBase"]
[SourceDate "2011.06.27"]
[SourceVersion "1"]
[SourceVersionDate "2011.06.27"]
[SourceQuality "1"]

1. e4 d5 2. exd5 Qxd5 3. d4 Nf6 4. Nf3 a6 5. Be2 Bf5 6. Nbd2 Nc6 7. c3 h6 8. Bc4 Qd7 9. Qb3 0-0-0 10. Bxf7 e6 11. Ne5 Nxe5 12. dxe5 Ng4 13. Bh5 Nxe5 14. 0-0 Bc5 15. Nc4 Nd3 16. Bf3 Qb5 17. Be3 Bxe3 18. fxe3 Qxb3 19. axb3 Nc5 20. b4 Nb3 21. Na5 Nxa5 22. Rxa5 1/2-1/2